000 00661nam a2200265Ia 4500
005 20260121165012.0
008 008 260114s9999 xx 000 0 eng d
020 _a9781137494979
037 _aEBOOK
040 _aCRL
040 _beng
040 _cCRL
041 _2eng
041 _aeng
084 _qCRL
100 _aWill Tosh
_91046320
245 0 _aMale Friendship and Testimonies of Love in Shakespeare’s England
260 _bSpringer
260 _bSpringer
260 _c2016
856 _uhttps://link.springer.com/openurl?genre=book&isbn=978-1-137-49497-9
942 _cEBOOK
999 _c1612044
_d1612044